|
|
|
|
| LEADER |
00955nam a2200301 4500 |
| 001 |
DLU210196808 |
| 005 |
##20210727 |
| 040 |
# |
# |
|a DLU
|b vie
|
| 041 |
# |
# |
|a vie
|
| 044 |
# |
# |
|a vn
|
| 100 |
# |
# |
|a Chu Văn Tuấn.
|
| 245 |
# |
# |
|a Vai trò của một số tăng ni và cư sỹ trong quá trình hình thành, phát triển Phật giáo Việt Nam tại Lào /
|c Chu Văn Tuấn.
|
| 653 |
# |
# |
|a Cư sỹ
|
| 653 |
# |
# |
|a Hình thành
|
| 653 |
# |
# |
|a Lào
|
| 653 |
# |
# |
|a Phát triển
|
| 653 |
# |
# |
|a Phật giáo Việt Nam
|
| 653 |
# |
# |
|a Tăng ni
|
| 773 |
# |
# |
|t Nghiên cứu Tôn giáo
|g Số 9(189), 2019, tr. 64-78
|
| 920 |
# |
# |
|a Phòng Tạp chí -- Trung tâm Thông tin - Thư viện Trường Đại học Đà Lạt
|
| 994 |
# |
# |
|a DLU
|
| 900 |
# |
# |
|a True
|
| 911 |
# |
# |
|a Hoàng Thị Huyền
|
| 925 |
# |
# |
|a G
|
| 926 |
# |
# |
|a A
|
| 927 |
# |
# |
|a BB
|
| 980 |
# |
# |
|a Thư viện Trường Đại học Đà Lạt
|